000 00391nam a22001697a 4500
003 CEME
005 20210628205530.0
008 210308b xxu||||| |||| 00| 0 eng d
020 _a1-56091-569-3
040 _c.
082 _a629.2528 DEG'A
100 _aDegobert, Paul
_975915
245 _aAutomobiles and pollution
260 _aUSA
_bSAE
_c1995
300 _a491P
942 _cBK
_2ddc
999 _c581325
_d581325